01086cam a2200277 450000100060000000300080000600500170001400800410003103500190007204000320009104100110012308200270013424501130016126000470027430000260032149000370034750400190038450500230040365000500042665000690047665000430054570000380058894200120062699900170063895201530065523705BD-RjUL20211209000948.0140311s1970 ja 001 0 eng d a(BD-RjUL)23770 aDLCcDLCdDLCdBD-RjULbeng1 aengjpn00a895.6303bSYN V-2 197000aSynopses of contemporary Japanese literature /ccompiled by Kokusai Bunka Shinkokai.nVolume II :p1936-1955 aTokyo :bKokusai Bunka Shinkōkai,c1970. axxv,223p. ; c25 cm.0 aJapanese life and culture series aIncludes Index1 a --2. 1936-1955. 0aJapanese fictionxStories, plots, etc.972991 0aJapanese literaturey20th centuryxHistory and criticism.969521 0aNovelists, JapanesexBiography.9729921 aKokusai Bunka Shinkōkai.972993 2ddccBK c23705d23705 00102ddc40728NFICaRUCLbRUCLcReadingd1979-04-27eThe Japan Fundation Giftl0o895.6303 SYN V-2 1970r2014-03-11 00:00:00tC-1w2014-03-11yBK